000 00771cam a2200265 4500
001 J1571
008 090401t1993 xxu||||| |||| 00| 0 eng d
035 _a(Sirsi) u44273
041 _aeng
110 _aEurope
_bEuropean Communities Council
_92364
245 _aProposal for a Council Directive on the minimum health and safety requirements regarding the exposure of workers to the risks arising from physical agents.
260 _c1993
300 _a(18)p. ; 30cm.
350 _a0
490 _aCOM
_v93/C77/02 (92) 560 final - SYN 449
650 _aEC DIRECTIVES
650 _aEUROPEAN COMMUNITY
650 _aFIELDS
650 _aNOISE
650 _aOPTICAL RADIATION
650 _aVIBRATION
650 _aWAVES
942 _n0
948 _c04/03/1997
999 _c91473
_d91473